000 00362nam a2200133Ia 4500
008 150202s9999 xx 000 0 und d
020 _a6167624
050 _aFIC
_bFIC
100 _aAmbler, Eric.
245 _aUncommon danger /
_cEric Ambler.
260 _aGreat Britain :
_bHodder and Stoughton,
_c1941.
300 _a256 pages :
_c21 cm.
650 _aFiction.
999 _c281814
_d281814